Costs awards in appeals and other planning proceedings (Record no. 109475)
[ view plain ]
| 000 -LEADER | |
|---|---|
| fixed length control field | 01655cad a22002655a 4500 |
| 001 - CONTROL NUMBER | |
| control field | L147188 |
| 008 - FIXED-LENGTH DATA ELEMENTS--GENERAL INFORMATION | |
| fixed length control field | 090408e20090406xxk f f000 0 eng d |
| 035 ## - SYSTEM CONTROL NUMBER | |
| System control number | (Sirsi) u147188 |
| 041 0# - LANGUAGE CODE | |
| Language code of text/sound track or separate title | eng |
| 050 04 - LIBRARY OF CONGRESS CALL NUMBER | |
| Classification number | 711.1 $2 18 |
| 110 2# - MAIN ENTRY--CORPORATE NAME | |
| Corporate name or jurisdiction name as entry element | The Planning Inspectorate |
| 9 (RLIN) | 5723 |
| 245 00 - TITLE STATEMENT | |
| Title | Costs awards in appeals and other planning proceedings |
| Medium | [electronic resource] |
| 260 ## - PUBLICATION, DISTRIBUTION, ETC. | |
| Place of publication, distribution, etc. | London |
| Name of publisher, distributor, etc. | Planning Inspectorate |
| Date of publication, distribution, etc. | 2009 |
| 520 ## - SUMMARY, ETC. | |
| Summary, etc. | Provides updated guidance on the award of costs in England in proceedings under the Planning Acts. It compliments legislative amendments designed to improvide the efficiency and effectiveness of the planning appeals system. The guidance in this circular applies to appeals made and other proceedings initiated on, or after, 6 April 2009. The Circular 03/2009 (Costs awards in appeals and other planning procedures) revokes and replaces Circular 08/93: Awards of Costs Incurred in Planning and Other (Including Compulsory Purchase Order) Proceedings and paragraphs 46, 48 and 49 of Part 1 of the Memorandum to Circular 06/04: Compulsory Purchase and The Crichel Down Rules. |
| 590 ## - LOCAL NOTE (RLIN) | |
| Local note | KA NTK |
| 650 24 - SUBJECT ADDED ENTRY--TOPICAL TERM | |
| Topical term or geographic name entry element | PLANNING (LISTED BUILDINGS AND CONSERVATION AREAS) ACT 1990 |
| 650 24 - SUBJECT ADDED ENTRY--TOPICAL TERM | |
| Topical term or geographic name entry element | TOWN AND COUNTRY PLANNING ACT 1990 |
| 650 24 - SUBJECT ADDED ENTRY--TOPICAL TERM | |
| Topical term or geographic name entry element | PLANNING (HAZARDOUS SUBSTANCES) ACT 1990 |
| 650 24 - SUBJECT ADDED ENTRY--TOPICAL TERM | |
| Topical term or geographic name entry element | PLANNING AND COMPULSORY PURCHASE ACT 2004 |
| 650 24 - SUBJECT ADDED ENTRY--TOPICAL TERM | |
| Topical term or geographic name entry element | CIRCULAR 03/2009 |
| 651 #4 - SUBJECT ADDED ENTRY--GEOGRAPHIC NAME | |
| Geographic name | England and Wales |
| Chronological subdivision | 1543- |
| 690 ## - LOCAL SUBJECT ADDED ENTRY--TOPICAL TERM (OCLC, RLIN) | |
| Topical term or geographic name as entry element | England and Wales |
| Chronological subdivision | 1543- |
| 856 40 - ELECTRONIC LOCATION AND ACCESS | |
| Uniform Resource Identifier | <a href="https://www.communities.gov.uk/publications/planningandbuilding/circularcostsawards">https://www.communities.gov.uk/publications/planningandbuilding/circularcostsawards</a> |
| Public note | View the document free of charge at www.communities.gov.uk... |
| 942 ## - ADDED ENTRY ELEMENTS (KOHA) | |
| Suppress in OPAC | 0 |
| Withdrawn status | Lost status | Source of classification or shelving scheme | Damaged status | Not for loan | Home library | Current library | Shelving location | Date acquired | Total Checkouts | Full call number | Barcode | Date last seen | Copy number | Price effective from | Koha item type |
|---|---|---|---|---|---|---|---|---|---|---|---|---|---|---|---|
| Dewey Decimal Classification | Virtual | Virtual | Online | 08/04/2009 | ONLINE PUBLICATION | 147188-2001 | 06/08/2019 | 1 | 06/08/2019 | Book |